000 01304cam a2200289 i 4500
003 SA-RiAUC
005 20250822122758.0
008 250731s1990____su g 00010 ara c
040 _aSA-RiKAPL
_bara
_cSA-RiAUC
_erda
082 0 4 _a227.6
090 _a227.6
_bد و ي
100 1 _aالدويش، عبد الله بن محمد بن أحمد،
_d1373-1409 هجري
_eمؤلف.
245 1 2 _aالمورد الزلال في التنبيه على أخطاء تفسير الظلال.
_nالمجلد الثالث /
_cتأليف عبد الله بن محمد الدويش ؛ أشرف على طبعها وتصحيحها عبد العزيز بن أحمد المشيقح.
250 _aالطبعة الأولى.
264 1 _aبريدة، السعودية :
_bدار العليان،
_c1990
300 _a358 صفحة ؛
_c24 سم
336 _aنص
_btxt
_2rdacontent
_3كتاب
337 _aبدون وسيط
_bn
_2rdamedia
338 _aمجلد
_bnc
_2rdacarrier
630 2 7 _aالقرآن
_xتفاسير حديثة
_2aucut
700 1 _aالمشيقح، عبد العزيز بن أحمد بن محمد
_eمشرف.
700 0 2 _aسيد قطب،
_d1906-1967
730 2 2 _aالقرآن
740 0 2 _aفي ظلال القرآن.
942 _2ddc
_cBOOK
_n0
949 _aSA-JeALM
_d250731
_umohamedma123
_n1
999 _c11009
_d11009